Every Harry Potter Character to use an unforgivable Curse - Statistics

General Stats
  • This quiz has been taken 53 times
  • The average score is 13 of 25
Answer Stats
Hint Answer % Correct
All Three Voldemort
100%
Crucio/Imperio Harry Potter
96%
Avada Kedavra/Crucio Bellatrix Lestrange
91%
Avada Kedavra Severus Snape
87%
Crucio/Imperio Draco Malfoy
82%
Imperio Lucius Malfoy
80%
All Three Barty Crouch Jr.
73%
Imperio Barty Crouch Sr.
73%
Avada Kedavra Peter Pettigrew
67%
Crucio Rabastan Lestrange
53%
Crucio Alecto Carrow
51%
Crucio Amycus Carrow
51%
Crucio Gregory Goyle
49%
Crucio Rodolphus Lestrange
49%
Avada Kedavra/Crucio Vicent Crabbe
49%
Avada Kedavra Antonin Dolohov
36%
Imperio Corban Yaxley
36%
Imperio McGonagall
27%
Avada Kedavra/Crucio Gellert Grindelwald
24%
Avada Kedavra Vinda Rosier
22%
Avada Kedavra/Crucio Thorfin Rowle
20%
Crucio Viktor Krum
16%
Crucio Selwyn
11%
Avada Kedavra/Crucio Delphini
7%
Imperio Rosmerta
4%
No matching quizzes found
Score Distribution
Percent of People with Each Score
Percentile by Number Answered
Your Score History
You have not taken this quiz